Decision Support Systems in the 21st Century (Record no. 2675)

MARC details
000 -LEADER
fixed length control field 00398nam a22001697a 4500
005 - DATE AND TIME OF LATEST TRANSACTION
control field 20160614144330.0
008 - FIXED-LENGTH DATA ELEMENTS--GENERAL INFORMATION
fixed length control field 160614b xxu||||| |||| 00| 0 eng d
020 ## - INTERNATIONAL STANDARD BOOK NUMBER
ISBN 81-203-2376-9
041 ## - LANGUAGE CODE
Language code of text/sound track or separate title eng
082 ## - DEWEY DECIMAL CLASSIFICATION NUMBER
Item number 7471
100 ## - MAIN ENTRY--AUTHOR NAME
Personal name Marakas, George M
245 ## - TITLE STATEMENT
Title Decision Support Systems in the 21st Century
260 ## - PUBLICATION, DISTRIBUTION, ETC. (IMPRINT)
Name of publisher PHI
300 ## - PHYSICAL DESCRIPTION
Number of Pages 590
650 ## - SUBJECT ADDED ENTRY--TOPICAL TERM
Topical Term Management
942 ## - ADDED ENTRY ELEMENTS (KOHA)
Koha item type Books
Holdings
Lost status Damaged status Collection code Home library Current library Shelving location Date acquired Cost, normal purchase price Full call number Accession Number Koha item type
    MANAGEMENT JRU Library JRU Library SHELF-64-J 14/06/2016 295.00 7471 7471 Books
    MANAGEMENT JRU Library JRU Library SHELF-64-J 14/06/2016 295.00 7471 7472 Books
    MANAGEMENT JRU Library JRU Library SHELF-64-J 14/06/2016 295.00 7471 7473 Books
    MANAGEMENT JRU Library JRU Library SHELF-64-J 14/06/2016 295.00 7471 7474 Books
      JRU Library   WR- 1 J 14/06/2016 295.00 7471 7475 Books